LEADER 00739nam0-22002411i-450- 001 990001242360403321 035 $a000124236 035 $aFED01000124236 035 $a(Aleph)000124236FED01 035 $a000124236 100 $a20000920d1989----km-y0itay50------ba 101 0 $aeng 200 1 $aOptimization$eProceedings of the fifth French-German Conference held in Castel-Novel (Varetz), France, Oct. 3-8, 1988.$fby DOLECKI S. 210 $aBerlin [etc.]$cSpringer-Verlag$d1989. 225 1 $aLecture Notes in Mathematics$v1405 801 0$aIT$bUNINA$gRICA$2UNIMARC 901 $aBK 912 $a990001242360403321 952 $aC-20-(1405$b7056$fMA1 959 $aMA1 996 $aOptimization$980052 997 $aUNINA DB $aING01 LEADER 03245nam 22006975 450 001 996466297803316 005 20200705120704.0 010 $a3-319-24800-6 024 7 $a10.1007/978-3-319-24800-4 035 $a(CKB)4340000000001144 035 $a(SSID)ssj0001585006 035 $a(PQKBManifestationID)16265249 035 $a(PQKBTitleCode)TC0001585006 035 $a(PQKBWorkID)14866147 035 $a(PQKB)10731829 035 $a(DE-He213)978-3-319-24800-4 035 $a(MiAaPQ)EBC6305055 035 $a(MiAaPQ)EBC5588108 035 $a(Au-PeEL)EBL5588108 035 $a(OCoLC)922967397 035 $a(PPN)190528761 035 $a(EXLCZ)994340000000001144 100 $a20150921d2015 u| 0 101 0 $aeng 135 $aurnn#008mamaa 181 $ctxt 182 $cc 183 $acr 200 10$aCurrent Trends in Web Engineering$b[electronic resource] $e15th International Conference, ICWE 2015 Workshops, NLPIT, PEWET, SoWEMine, Rotterdam, The Netherlands, June 23-26, 2015. Revised Selected Papers /$fedited by Florian Daniel, Oscar Diaz 205 $a1st ed. 2015. 210 1$aCham :$cSpringer International Publishing :$cImprint: Springer,$d2015. 215 $a1 online resource (XVI, 199 p. 42 illus. in color.) 225 1 $aInformation Systems and Applications, incl. Internet/Web, and HCI ;$v9396 300 $aBibliographic Level Mode of Issuance: Monograph 311 $a3-319-24799-9 320 $aIncludes bibliographical references and index. 327 $aNatural Language Processing for Informal Text -- Pervase WEb Technologies -- Mining the Social Web. 330 $aThis book constitutes the thoroughly refereed post-conference proceedings of Current Trends in Web Engineering, ICWE Workshops 2015 which was held in June 2015 in Rotterdam, The Netherlands. The 16 revised full papers were selected form 23 submissions and cover topics on natural language processing for informal text, pervasive Web technologies, trends and challenges, and mining in the social Web. 410 0$aInformation Systems and Applications, incl. Internet/Web, and HCI ;$v9396 606 $aInformation storage and retrieval 606 $aData mining 606 $aSoftware engineering 606 $aInformation Storage and Retrieval$3https://scigraph.springernature.com/ontologies/product-market-codes/I18032 606 $aData Mining and Knowledge Discovery$3https://scigraph.springernature.com/ontologies/product-market-codes/I18030 606 $aSoftware Engineering$3https://scigraph.springernature.com/ontologies/product-market-codes/I14029 615 0$aInformation storage and retrieval. 615 0$aData mining. 615 0$aSoftware engineering. 615 14$aInformation Storage and Retrieval. 615 24$aData Mining and Knowledge Discovery. 615 24$aSoftware Engineering. 676 $a004.678 702 $aDaniel$b Florian$4edt$4http://id.loc.gov/vocabulary/relators/edt 702 $aDiaz$b Oscar$4edt$4http://id.loc.gov/vocabulary/relators/edt 801 0$bMiAaPQ 801 1$bMiAaPQ 801 2$bMiAaPQ 906 $aBOOK 912 $a996466297803316 996 $aCurrent Trends in Web Engineering$91921279 997 $aUNISA LEADER 00733nam a2200217 i 4500 001 991004382119807536 005 20250527100445.0 008 270520s1942 fr er 001 0dfre d 040 $aBibl. Dip.le Aggr. Studi Umanistici - Sez. Filosofia$bita$cSocioculturale Scs 041 0 $afre 082 04$a232$223. 100 1 $aPascal, Blaise$028760 245 10$aJésus /$cBlaise Pascal ; édité par G. Michaut 260 $aParis :$bPayot,$c1942 300 $a126 p. ;$c23 cm 500 $aContiene: Abrégé de la Vie de Jésus-Christ; Le mémorial; Le mystère de Jésus; Pensées sur Jésus 600 04$aGesù Cristo$vBiografie 700 1 $aMichaut, G. 912 $a991004382119807536 996 $aJésus$94383705 997 $aUNISALENTO LEADER 01685nam0 22003493i 450 001 PUV0275784 005 20251003044312.0 010 $a0201575949 100 $a20080408d1995 ||||0itac50 ba 101 | $aeng 102 $aus 181 1$6z01$ai $bxxxe 182 1$6z01$an 200 1 $aDesigning and building parallel programs$econcepts and tools for parallel software engineering$fIan T. Foster 210 $aReading (MA) [etc.]$cAddison-Wesley$dc1995 215 $aXIII, 381 p. [8] c. di tav. color.$cill.$d25 cm 300 $aBibliografia: P. 353-367. 606 $aProgrammazione parallela$2FIR$3UFIC014060$9E 676 $a005.2$9PROGRAMMAZIONE PER SPECIFICI TIPI DI ELABORATORE, PER SPECIFICI SISTEMI OPERATIVI, PER SPECIFICHE INTERFACCE UTENTE$v14 676 $a005.2$9PROGRAMMAZIONE PER SPECIFICI TIPI DI ELABORATORE, PER SPECIFICI SISTEMI OPERATIVI, PER SPECIFICHE INTERFACCE UTENTE.$v22 696 $aTecnica di programmazione parallela 699 $aProgrammazione parallela$yTecnica di programmazione parallela 700 1$aForster$b, Ian T.$f <1959- >$3PUVV156917$4070$0447865 801 3$aIT$bIT-000000$c20080408 850 $aIT-BN0095 901 $bNAP 01$cSALA $n$ 901 $bNAP 01$cSALA DING $n$ 912 $aPUV0275784 950 0$aBiblioteca Centralizzata di Ateneo$d 01SALA 005.2 FOS de$e 0104 0000025065 VMA 1 v.$fY $h20150928$i20150928$b1 v.$c1 v.$d 01SALA DING 005.2 FOS.de$e 0102 0000028595 VMA A4 1 v.$fY $h19971215$i19971215 977 $a 01 996 $aDesigning and building parallel programs$9104123 997 $aUNISANNIO